| 000 | 00523cam a2200145 4500500 | ||
|---|---|---|---|
| 005 | 20251012021550.0 | ||
| 041 | _afre | ||
| 042 | _adc | ||
| 100 | 1 | 0 |
_aSalin, Dominique _eauthor |
| 245 | 0 | 0 | _aFrançois Roustang, L’APPRENTISSAGE DE LA LIBERTÉ Dits et écrits (1964-2016) Odile Jacob, 2022, 640 p., 35 €. |
| 260 | _c2023. | ||
| 500 | _a67 | ||
| 786 | 0 | _nChristus | º278 | 2 | 2023-04-01 | p. 118-119 | 0009-5834 | |
| 856 | 4 | 1 | _uhttps://shs.cairn.info/revue-christus-2023-2-page-118?lang=fr&redirect-ssocas=7080 |
| 999 |
_c1538762 _d1538762 |
||